Khác biệt quan niệm giữa vợ - chồng trong gia đình trẻ về một số giá trị gia đình hiện nay (nghiên cứu trường hợp thành phố Thủ Dầu Một - tỉnh Bình Dương)
Chuyên ngành: Xã hội học;Mã số 60 21 30; Thư mục tài liệu tham khảo tr.100 - 103; Luận văn thạc sĩ Xã hội học Học viện Khoa học xã hội - Viện Khoa học xã hội Việt Nam,2012
שמור ב:
| מחבר ראשי: | |
|---|---|
| מחברים אחרים: | |
| פורמט: | ספר |
| שפה: | Undetermined |
| יצא לאור: |
2012
|
| נושאים: | |
| גישה מקוונת: | http://lrc.tdmu.edu.vn/opac/search/detail.asp?aID=2&ID=16992 |
| תגים: |
הוספת תג
אין תגיות, היה/י הראשונ/ה לתייג את הרשומה!
|
| Thư viện lưu trữ: | Trung tâm Học liệu Trường Đại học Thủ Dầu Một |
|---|
| LEADER | 01197nam a2200193Ia 4500 | ||
|---|---|---|---|
| 001 | TDMU_16992 | ||
| 008 | 210410s9999 xx 000 0 und d | ||
| 082 | |a 306.872 | ||
| 090 | |b Đ450 | ||
| 100 | |a Đỗ, Mạnh Tuấn | ||
| 245 | 0 | |a Khác biệt quan niệm giữa vợ - chồng trong gia đình trẻ về một số giá trị gia đình hiện nay (nghiên cứu trường hợp thành phố Thủ Dầu Một - tỉnh Bình Dương) | |
| 245 | 0 | |c Đỗ Mạnh Tuấn; PGS.TS. Lê Ngọc Văn (Hướng dẫn) | |
| 260 | |c 2012 | ||
| 300 | |a 132tr | ||
| 520 | |a Chuyên ngành: Xã hội học;Mã số 60 21 30; Thư mục tài liệu tham khảo tr.100 - 103; Luận văn thạc sĩ Xã hội học Học viện Khoa học xã hội - Viện Khoa học xã hội Việt Nam,2012 | ||
| 650 | |a Luận văn; Xã hội học |x Gia đình trẻ |z Bình Dương; Gia đình |z Việt Nam |x Quan hệ vợ chồng | ||
| 700 | |a Lê, Ngọc Văn | ||
| 856 | |u http://lrc.tdmu.edu.vn/opac/search/detail.asp?aID=2&ID=16992 | ||
| 980 | |a Trung tâm Học liệu Trường Đại học Thủ Dầu Một | ||